Мониторинг имиджа организаций; Энергия молодых - экономике России; Ч. 2

Dettagli Bibliografici
Parent link:Энергия молодых - экономике России: труды V Всероссийской научно-практической конференции студентов и молодых ученых, посвященной столетию экономического образования в Томском политехническом университете, Томск, 20-24 апреля 2004 г./ Томский политехнический университет; Вольное экономическое общество России; Энергия молодых - экономике России. Всероссийская научно-практическая конференция студентов и молодых ученых.— , 2004-
Ч. 2.— 2004.— С. 277-278
Autore principale: Тащиян Г. О. Григорий Олегович
Lingua:russo
Pubblicazione: 2004
Soggetti:
Natura: MixedMaterials Capitolo di libro
KOHA link:https://koha.lib.tpu.ru/cgi-bin/koha/opac-detail.pl?biblionumber=225053

MARC

LEADER 00000naa2a2200000 4500
001 225053
005 20231031200818.0
035 |a (RuTPU)RU\TPU\book\245381 
090 |a 225053 
100 |a 20121101d2004 k y0rusy50 ca 
101 0 |a rus 
102 |a RU 
200 1 |a Мониторинг имиджа организаций  |f Г. О. Тащиян 
461 0 |0 (RuTPU)RU\TPU\book\82991  |t Энергия молодых - экономике России  |o труды V Всероссийской научно-практической конференции студентов и молодых ученых, посвященной столетию экономического образования в Томском политехническом университете, Томск, 20-24 апреля 2004 г.  |o В 2 ч.  |f Томский политехнический университет; Вольное экономическое общество России; Энергия молодых - экономике России. Всероссийская научно-практическая конференция студентов и молодых ученых  |d 2004- 
463 0 |0 (RuTPU)RU\TPU\book\82863  |t Ч. 2  |v С. 277-278  |d 2004 
610 1 |a организации 
610 1 |a имидж 
610 1 |a мониторинг 
610 1 |a труды учёных ТПУ 
700 1 |a Тащиян  |b Г. О.  |c российский учёный в области информационных систем  |c доцент Юргинского технологического института (филиал) Томского политехнического университета  |f 1974-  |g Григорий Олегович  |2 stltpush  |3 (RuTPU)RU\TPU\pers\24270 
801 1 |a RU  |b 63413507  |c 20121101 
801 2 |a RU  |b 63413507  |c 20161006  |g RCR 
942 |c BK